000
00274nam a2200109Ia 4500
008
200302s9999 xx 000 0 und d
100
_a
Christopher Alexander
245
_a
A New Theory of Urban Design
260
_b
Oxford & IBH Publishing Co.
260
_c
1987
300
_a
251
999
_c
5304
_d
5304